000
00231 a2200085 4500
020
_a
9781909932463
100
_a
Roelof Louw
245
_a
Five Sites for Five Sculptures: Roelof Louw and British Sculpture
260
_b
Ridinghouse
_c
2019
999
_c
13223
_d
13223